00866 2200301 4500001002100000005001500021035002500036008004100061020002200102040001700124082001200141084001400153100002400167245009300191250004700284260003400331300003800365500003300403650001400436700002000450700001700470850001200487007000300499041000800502990001800510990001800528990001800546INLIS00000000000258020190725023045 a0010-031500000000084150312s2014 yoia g ind  a978-602-217-289-5 aYOPDYOGbind04223a301 a301 ALO s0 aAlo Liliweri, 1957-10aSosiologi & komunikasi organisasi /cAlo Liliweri; editor, Restu Damayanti, Fandy Hutari aEdisi Pertama, Cetakan pertama, April 2014 1aJakarta :bBumi Aksara,c2014 axi, 528 halaman :btabel ;c23 cm aBibliografi: halaman 517-528 4aSosiologi0 aRestu Damayanti0 aFandy Hutari aYOPDYOGta0 aind a10338-PD/B.15 a10339-PD/B.15 a10340-PD/B.15